=LDR 00000nam 2200000 4500 =001 001178 =005 20250710122433 =035 ##$$a 0010-0725000090 =007 ta =008 250710################a##########0#ind## =020 ##$$a 978-623-307-211-3 =082 ##$$a 398.209 598 =084 ##$$a 398.209 598 KHA m =100 #$$a Khairani, Yuniar =245 1#$$a Mainan Untuk Hana /$c Yuniar Khairani =250 ##$$a Cetakan Pertama =260 ##$$a Jakarta Timur :$b Badan Pengembangan dan Pembinaan Bahasa,$c 2022 =300 ##$$a 28 hlm : $b ilus. ; $c 29,7 cm =650 #4$$a Literasi-Bahan Bacaan =600 #4$$a Cerita anak-Indonesia =856 ##$$a TBM AS SUHADA